| 000 | 00453nam a2200145 4500 | ||
|---|---|---|---|
| 001 | 120067 | ||
| 003 | ES-MaACL | ||
| 007 | t| | ||
| 008 | 070214s1947 sp r ||||1| spa d | ||
| 100 | 1 |
_aPérez de Urbel, Justo. _990812 |
|
| 245 | 1 | 3 |
_aLa doctrina del Santo Evangelio en los domingos y fiestas del año / _cFray Justo Pérez de Urbel. |
| 260 |
_aMadrid : _bCoca y Biosca, _c1947. |
||
| 300 |
_a281 p. ; _c21 cm. |
||
| 852 |
_aES-MaACL _jE-2149 _bR.23366 |
||
| 999 |
_c120067 _d120067 |
||